00314nam a2200133Ia 4500008004100000020001500041041000800056082001700064100001600081245001900097260003200116300001100148650002100159210716s2005 xx 000 0 und d a0749444398 aeng a658.827 HAIM aHaig, Matt. aBrand royalty. aNew DelhibKogan Pagec2005 avi,314 aBrand Management